| 000 -CABECERA |
| Campo de control de longitud fija |
00872nam a22001817a 4500 |
| 008 - CAMPO FIJO DE DESCRIPCIÓN FIJA--INFORMACIÓN GENERAL |
| Campo de control de longitud fija |
230717b ||||| |||| 00| 0 eng d |
| 040 ## - FUENTE DE CATALOGACIÓN |
| Agencia de catalogación original |
CDMR |
| 245 ## - MENCIÓN DE TÍTULO |
| Título |
Recomanacions sobre el tractament de la comunitat gitana als mitjans de comunicació [recurs electrònic] |
| Mención de responsabilidad, etc. |
/ Consell de l'Audiovisual de Catalunya, Federación Nacional de Asociaciones de Mujeres Gitanas (Kamira) |
| 260 ## - PUBLICACIÓN, DISTRIBUCIÓN, ETC (PIE DE IMPRENTA) |
| Lugar de publicación, distribución, etc. |
Barcelona : |
| Nombre del editor, distribuidor, etc. |
CAC, |
| Fecha de publicación, distribución, etc. |
2018 |
| 300 ## - DESCRIPCIÓN FÍSICA |
| Extensión |
1 recurs electrònic (20 pàgines) |
| 650 #0 - ASIENTO SECUNDARIO DE MATERIA--TÉRMINO DE MATERIA |
| 9 (RLIN) |
983 |
| Nombre de materia o nombre geográfico como elemento de entrada |
Ètica periodística |
| 650 #0 - ASIENTO SECUNDARIO DE MATERIA--TÉRMINO DE MATERIA |
| 9 (RLIN) |
4693 |
| Nombre de materia o nombre geográfico como elemento de entrada |
Gitanos |
| Subdivisión general |
Cobertura periodística |
| 650 #0 - ASIENTO SECUNDARIO DE MATERIA--TÉRMINO DE MATERIA |
| 9 (RLIN) |
3819 |
| Nombre de materia o nombre geográfico como elemento de entrada |
Racisme en els mitjans de comunicació de massa |
| 710 1# - ENCABEZAMIENTO SECUNDARIO--NOMBRE CORPORATIVO |
| 9 (RLIN) |
828 |
| Nombre corporativo o de jurisdicción como elemento de entrada |
Consell de l'Audiovisual de Catalunya |
| 710 ## - ENCABEZAMIENTO SECUNDARIO--NOMBRE CORPORATIVO |
| 9 (RLIN) |
4990 |
| Nombre corporativo o de jurisdicción como elemento de entrada |
Federación Nacional de Asociaciones de Mujeres Gitanas (Kamira) |
| 856 ## - ACCESO ELECTRÓNICO |
| Identificador uniforme del recurso URI |
<a href="https://omeka.periodistes.cat/items/show/558">https://omeka.periodistes.cat/items/show/558</a> |
| Nota Pública |
Accés en línia |
| 942 ## - ELEMENTOS KOHA |
| Fuente de clasificación o esquema de ordenación en estanterías |
|
| Koha tipo de item |
Llibres electrònics |